01613nam a2200313 a 4500001001000000005001700010008004100027041000800068044000800076084002100084100004500105245018400150250000600334260003000340300002200370500025100392500014200643500010000785500006000885500001000945546002400955650005200979650005601031650003401087650004501121700004901166700003401215740005001249BRCA_320020190320204147.0180209s1733----enka---###---#000-0deng-u aeng aenk a500b.K538c17331 aCervantes Saavedra, Miguel ded1547-161610aThe History of the Valorous and Witty Knight-Errant Don Quixote de la ManchacWritten in Spanish by Michael Cervantes ; Translated by Several Hands and Published by Peter Motteux. a6 aLondresbJ. Knaptonc1733 a4 v.bil.c17 cm. aContenido : v.1. Primera parte. Dedicatoria del traductor. Noticia sobre el autor. Prólogo de Cervantes. -- v.2. Texto. -- v.3. Segunda parte . Dedicatoria del traductor. -- v.4. Segunda parte . Dedicatoria del traductor. Prólogo de Cervantes aEdición : In 4 Vols. Adorn´d with the Best Edition of the Original, Printed at Madrid by Ozell. Nullum Ingenium sine Mixtura Dementiae aSexta edición de la traducción de Motteux, revisada por J. Ozell. Semipiel Lúdovik Osterc aEstado físico : Cubierta posterior desprendida vol. 1 aQM406 aTexto en : inglés14aNovela españolayÉpoca clásica, 1500-170014aLiteratura españolayÉpoca clásica, 1500-170014aNovela españolaySiglo XVII14aDon Quijote (Personaje ficticio)eNovela1 aMotteux, Peter Anthonyd1663-1718eTraductor1 aOzell, Johnd?-1743eAnotador0 aEl Ingenioso Hidalgo Don Quijote de la Mancha